000 00455nam a2200145Ia 4500
008 211109s9999||||xx |||||||||||||| ||und||
082 _a894.8123
_bJOS-O
100 _aJoseph Puthen Thara,
245 0 _aOru Karutha Manushyanum Anchu Kanyastreekalum
260 _bNational Book Stall
_aKottayam
_c1900
300 _a110p.
630 _xGeneral Stack
650 _aMalayalam Literature
_vMalayalam fiction
_xMalayalam NovelsFICTIONMalayalam
942 _cBOOK
999 _c71929
_d71929